La moneda revolucionaria de México 1913-1917 (Record no. 7121)

MARC details
000 -CABECERA
campo de control de longitud fija 00827nam a2200253 a 4500
001 - NÚMERO DE CONTROL
campo de control BRCA_7445
005 - FECHA Y HORA DE LA ÚLTIMA TRANSACCIÓN
campo de control 20190320205834.0
008 - DATOS DE LONGITUD FIJA--INFORMACIÓN GENERAL
campo de control de longitud fija 110413s1933----mx-a######---#000-0#spa-#
041 ## - CÓDIGO DE LENGUA
Código de lengua del texto/banda sonora o título independiente spa
044 ## - CÓDIGO DEL PAÍS DE LA ENTIDAD EDITORA/PRODUCTORA
Código MARC del país mx
050 #4 - SIGNATURA TOPOGRÁFICA DE LA BIBLIOTECA DEL CONGRESO
Número de clasificación CJ1907
Número de documento/Ítem .W66 1933
100 1# - ENTRADA PRINCIPAL--NOMBRE DE PERSONA
Nombre de persona Wood, Howland
9 (RLIN) 18333
245 10 - MENCIÓN DE TÍTULO
Título La moneda revolucionaria de México 1913-1917
Mención de responsabilidad, etc. Howland Wood & J. Sánchez Garza.
260 ## - PUBLICACIÓN, DISTRIBUCIÓN, ETC.
Lugar de publicación, distribución, etc. México
Nombre del editor, distribuidor, etc. Museo Nacional de Arqueología, Historia y Etnografía
Fecha de publicación, distribución, etc. 1933
300 ## - DESCRIPCIÓN FÍSICA
Extensión 59 p.
Otras características físicas il., 23 láminas
500 ## - NOTA GENERAL
Nota general Traducida del inglés y anotada por Manuel Romero de Terreros
500 ## - NOTA GENERAL
Nota general Q198
650 14 - PUNTO DE ACCESO ADICIONAL DE MATERIA--TÉRMINO DE MATERIA
Término de materia o nombre geográfico como elemento de entrada Numismática
9 (RLIN) 914
650 14 - PUNTO DE ACCESO ADICIONAL DE MATERIA--TÉRMINO DE MATERIA
Término de materia o nombre geográfico como elemento de entrada Monedas mexicanas
Subdivisión general Historia
9 (RLIN) 670
700 1# - PUNTO DE ACCESO ADICIONAL--NOMBRE DE PERSONA
Nombre de persona Sánchez Garza, J.
Término indicativo de función/relación coaut.
9 (RLIN) 9847
700 1# - PUNTO DE ACCESO ADICIONAL--NOMBRE DE PERSONA
Nombre de persona Romero de Terreros y Vinent, Manuel
Término indicativo de función/relación tr.
9 (RLIN) 9692
902 ## - CATALOGADOR
Iniciales GFM
942 ## - ELEMENTOS DE PUNTO DE ACCESO ADICIONAL (KOHA)
Fuente del sistema de clasificación o colocación Library of Congress Classification
Tipo de ítem Koha Libros
Holdings
Estado de retiro Estado de pérdida Estado dañado No para préstamo Localización permanente Ubicación/localización actual Fecha de adquisición Número de inventario Total de préstamos Signatura topográfica completa Código de barras Fecha visto por última vez Precio válido a partir de Tipo de ítem Koha
El ejemplar forma parte de la colección y puede ser consultado según las políticas vigentes.       Biblioteca del Museo Franz Mayer (Rogerio Casas-Alatriste) Biblioteca del Museo Franz Mayer (Rogerio Casas-Alatriste) 09/04/2013 Q198   CJ1907 .W66 1933 (Q198) 8048 22/03/2019 22/03/2019 Libros